| 000 | 00705nam a22002177a 4500 | ||
|---|---|---|---|
| 999 |
_c10221 _d10221 |
||
| 001 | 10221 | ||
| 003 | BD-JhCC | ||
| 005 | 20180421125854.0 | ||
| 008 | 180421s1371 ii a|||| ||a| 000 0 ben d | ||
| 035 | _a(BD-JhCC)10221 | ||
| 040 |
_aBD-JhCC _dBD-JhCC |
||
| 041 | _aben | ||
| 082 |
_a491.443 _bDEV 1371 |
||
| 100 | _aদেব, আশুতোষ | ||
| 245 |
_aছাত্রবোধ অভিধান / _c আশুতোষ দেব |
||
| 260 |
_aকলিকাতা : _bদেব সাহিত্য-কুটীর প্রাইভেট লিমিটেড _c1371. |
||
| 300 |
_a1249 p. : _c26 cm. |
||
| 650 | _aBengali Dictionaries | ||
| 942 |
_2ddc _cBK |
||